| 000 | 01618nam a2200373 c 4500 | ||
|---|---|---|---|
| 999 |
_c406181 _d406181 |
||
| 003 | BLK | ||
| 005 | 20210412122950.0 | ||
| 008 | 210407b bul|||||r ||||||| ||bul|| | ||
| 040 | _aBLK | ||
| 041 |
_aBUL _cBUL |
||
| 080 |
_aОбщество (в цялост). Обществото като система. - Обществено развитие в цялост. Социология на отделните обществени системи _b316.32 _x(48) _z316.32(48) |
||
| 100 |
_aХанзен, Петър Готфрид _eпърви автор _9447015 |
||
| 139 | _aХанзен, Петър Готфрид | ||
| 245 |
_aОбществена самопомощ в Дания, Швеция и Норвегия : Ч. 1 - 2 _cПетър Ханзен ; прев. Хр. Д. Максимов. |
||
| 257 | _aDAN | ||
| 260 |
_aПловдив _c1899 _fПловдив : Труд |
||
| 300 |
_a80 с. _c23 см |
||
| 380 | _a3 | ||
| 490 |
_9446735 _aСборник на педагогическо-общественото списание Учител _vТ. 1, кн. 3 и 4 |
||
| 490 |
_9435080 _aКолекция Редки и ценни издания |
||
| 500 | _aДвете части са в една книга с обща пагинация. | ||
| 650 | 4 |
_aОбществено устройство и обществени отношения _9242872 |
|
| 651 | 7 |
_9178803 _aДания |
|
| 651 | 7 |
_9179802 _aШвеция |
|
| 651 | 7 |
_9179287 _aНорвегия |
|
| 653 | _aобществено устройство | ||
| 700 |
_aМаксимов, Христо Димитров _eпрев. _9314741 |
||
| 852 |
_aРб 899 _bРц |
||
| 856 | 4 | _qpdf | |
| 856 | 4 | _qpdf | |
| 942 |
_cKNG _n0 _s1 |
||
| 944 |
_aCR _c2021-04-07 _kДГ |
||
| 999 | _d406181 | ||